<?xml version="1.0" encoding="UTF-8"?>
<record
    xmlns:xsi="http://www.w3.org/2001/XMLSchema-instance"
    xsi:schemaLocation="http://www.loc.gov/MARC21/slim http://www.loc.gov/standards/marcxml/schema/MARC21slim.xsd"
    xmlns="http://www.loc.gov/MARC21/slim">

  <leader>01771cam a2200241 i 4500</leader>
  <controlfield tag="001">17390045</controlfield>
  <controlfield tag="005">20251020115026.0</controlfield>
  <controlfield tag="008">240622t20242024fr            000 1 fre d</controlfield>
  <datafield tag="020" ind1=" " ind2=" ">
    <subfield code="a">9782823621020</subfield>
  </datafield>
  <datafield tag="035" ind1=" " ind2=" ">
    <subfield code="a">(Fr-PaAMA)AAL08385959-0001</subfield>
  </datafield>
  <datafield tag="035" ind1=" " ind2=" ">
    <subfield code="a">17390045</subfield>
  </datafield>
  <datafield tag="040" ind1=" " ind2=" ">
    <subfield code="c">tbs</subfield>
  </datafield>
  <datafield tag="041" ind1=" " ind2=" ">
    <subfield code="a">fre</subfield>
  </datafield>
  <datafield tag="050" ind1=" " ind2="4">
    <subfield code="a">PQ2722.I5674</subfield>
    <subfield code="b">A81 2024</subfield>
  </datafield>
  <datafield tag="100" ind1=" " ind2=" ">
    <subfield code="a">Vingtras, Marie</subfield>
    <subfield code="d">1972-</subfield>
    <subfield code="e">author</subfield>
    <subfield code="9">26190</subfield>
  </datafield>
  <datafield tag="245" ind1="1" ind2="4">
    <subfield code="a">Les &#xE2;mes f&#xE9;roces</subfield>
    <subfield code="c">/ Marie Vingtras.</subfield>
  </datafield>
  <datafield tag="260" ind1=" " ind2=" ">
    <subfield code="a">[Paris] :</subfield>
    <subfield code="b">&#xC9;ditions de l'Olivier,</subfield>
    <subfield code="c">2024.</subfield>
  </datafield>
  <datafield tag="300" ind1=" " ind2=" ">
    <subfield code="a">266 pages ;</subfield>
    <subfield code="c">21 cm.</subfield>
  </datafield>
  <datafield tag="520" ind1=" " ind2=" ">
    <subfield code="a">Leo n&#x2019;est pas rentr&#xE9;e et le printemps s&#x2019;ent&#xEA;te dans sa douceur. Leo ne reviendra pas. La sh&#xE9;rif Lauren Hobler d&#xE9;couvre son corps au milieu des iris sauvages. Autour de la mort soudaine d&#x2019;une jeune fille, Les &#xC2;mes f&#xE9;roces tisse plusieurs destin&#xE9;es. Pour &#xE9;lucider un myst&#xE8;re, mais lequel?? Celui de Leo, peut-&#xEA;tre, et de ses silences. Celui de Lauren, coinc&#xE9;e dans une petite ville qui ne la prend pas au s&#xE9;rieux. Il y a aussi Benjamin, Seth et les autres&#x2026; Les gens de Mercy, qui pensent tous se conna&#xEE;tre et en savent si peu sur eux-m&#xEA;mes. </subfield>
  </datafield>
  <datafield tag="520" ind1=" " ind2=" ">
    <subfield code="a">Leo hasn&#x2019;t come home, and spring stubbornly clings to its gentleness. Leo will not return. Sheriff Lauren Hobler finds her body among the wild irises.

Around the sudden death of a young girl, The Fierce Souls weaves together several intertwined fates. To unravel a mystery&#x2014;but which one? Perhaps Leo&#x2019;s, and the secrets she kept. Perhaps Lauren&#x2019;s, trapped in a small town that refuses to take her seriously. There&#x2019;s also Benjamin, Seth, and the others&#x2026; the people of Mercy, who all think they know each other, yet understand so little about themselves.</subfield>
  </datafield>
  <datafield tag="650" ind1=" " ind2="0">
    <subfield code="a">French literature</subfield>
    <subfield code="y">21st century</subfield>
    <subfield code="9">26191</subfield>
  </datafield>
  <datafield tag="942" ind1=" " ind2=" ">
    <subfield code="2">lcc</subfield>
  </datafield>
  <datafield tag="952" ind1=" " ind2=" ">
    <subfield code="0">0</subfield>
    <subfield code="1">0</subfield>
    <subfield code="2">lcc</subfield>
    <subfield code="4">0</subfield>
    <subfield code="7">0</subfield>
    <subfield code="a">TBS</subfield>
    <subfield code="b">TBS</subfield>
    <subfield code="d">2025-10-20</subfield>
    <subfield code="l">0</subfield>
    <subfield code="o">P-FR VIN</subfield>
    <subfield code="p">B07710</subfield>
    <subfield code="r">2025-10-20</subfield>
    <subfield code="t">1</subfield>
    <subfield code="w">2025-10-20</subfield>
    <subfield code="y">1</subfield>
  </datafield>
  <datafield tag="999" ind1=" " ind2=" ">
    <subfield code="c">5059</subfield>
    <subfield code="d">5059</subfield>
  </datafield>
</record>
